000 00656nam a2200277Ia 4500
005 20260324120321.0
008 008 260324s9999 xx 000 0 eng d
020 _a9780429076138
037 _aEBOOK
040 _aCRL
040 _beng
040 _cCRL
041 _2eng
041 _aeng
084 _qCRL
100 _aF. Richard Yu
_91158094
245 0 _aAdvances in Communications-Based Train Control Systems
260 _bTaylor and Francis
260 _c2015
365 _a
365 _b370
856 _uhttp://www.taylorfrancis.com/books/9780429076138
942 _cEBOOK
999 _c1749556
_d1749556